Interaction of agriculture with food science : (Record no. 6246)

MARC details
000 -LEADER
fixed length control field 01246nam a2200337 4500
001 - CONTROL NUMBER
control field 1278166
003 - CONTROL NUMBER IDENTIFIER
control field 000
005 - DATE AND TIME OF LATEST TRANSACTION
control field 20150429160134.0
007 - PHYSICAL DESCRIPTION FIXED FIELD--GENERAL INFORMATION
fixed length control field 000
008 - FIXED-LENGTH DATA ELEMENTS--GENERAL INFORMATION
fixed length control field 000
010 ## - LIBRARY OF CONGRESS CONTROL NUMBER
LC control number 75332444
015 ## - NATIONAL BIBLIOGRAPHY NUMBER
National bibliography number C***
020 ## - INTERNATIONAL STANDARD BOOK NUMBER
International Standard Book Number 0889360383
040 ## - CATALOGING SOURCE
Original cataloging agency UOEL
Transcribing agency DLC
Modifying agency DLC
043 ## - GEOGRAPHIC AREA CODE
Geographic area code a------
050 00 - LIBRARY OF CONGRESS CALL NUMBER
Classification number SB175
Item number .I5 1974
082 00 - DEWEY DECIMAL CLASSIFICATION NUMBER
Classification number 664/.0095
245 00 - TITLE STATEMENT
Title Interaction of agriculture with food science :
Remainder of title proceedings of an interdisciplinary symposium, Singapore, 22-24 February, 1974 /
Statement of responsibility, etc. editor, Reginald MacIntyre ; sponsored by the International Development Research Centre, in cooperation with the International Union of Food Science and Technology.
260 ## - PUBLICATION, DISTRIBUTION, ETC. (IMPRINT)
Place of publication, distribution, etc. Ottawa :
Name of publisher, distributor, etc. International Development Research Centre,
Date of publication, distribution, etc. c1974.
300 ## - PHYSICAL DESCRIPTION
Extent 166 p. :
Other physical details ill. ;
Dimensions 25 cm.
500 ## - GENERAL NOTE
General note "IDRC-033e."
504 ## - BIBLIOGRAPHY, ETC. NOTE
Bibliography, etc Includes bibliographies.
650 #0 - SUBJECT ADDED ENTRY--TOPICAL TERM
Topical term or geographic name as entry element Agriculture
Geographic subdivision Asia
General subdivision Congresses.
Topical term or geographic name as entry element Food industry and trade
Geographic subdivision Asia
General subdivision Congresses.
Topical term or geographic name as entry element Food supply
Geographic subdivision Asia
General subdivision Congresses.
700 1# - ADDED ENTRY--PERSONAL NAME
Personal name MacIntyre, Reginald.
710 2# - ADDED ENTRY--CORPORATE NAME
Corporate name or jurisdiction name as entry element International Development Research Centre (Canada)
Corporate name or jurisdiction name as entry element International Union of Food Science and Technology.
906 ## - LOCAL DATA ELEMENT F, LDF (RLIN)
a 7
b cbc
c orignew
d 3
e ncip
f 19
g y-gencatlg
942 ## - ADDED ENTRY ELEMENTS (KOHA)
Source of classification or shelving scheme Library of Congress Classification
Koha item type Loan - Normal on open shelf
Holdings
Withdrawn status Lost status Source of classification or shelving scheme Damaged status Not for loan Home library Current library Shelving location Date acquired Total Checkouts Full call number Barcode Date last seen Copy number Price effective from Koha item type
    Library of Congress Classification     UOE Main Library UOE Main Library Open shelf 29/04/2015   SB175 .I5 1974 20142861 27/04/2026 20142861 29/04/2015 Loan - Normal on open shelf